000 00389 a2200169 4500
001 175419
020 _a85-08-04211-6
040 _cMagnum
100 _aGewandsznajder, Fernando
240 1 0 _aSexo e reprodução
_lpor
245 1 0 _aSexo e reprodução
300 _a56
362 0 _a1992
440 1 _aÁtica
697 _aCIÊNCIAS FÍSICAS, QUÍMICAS E BIOLÓGICAS
942 _cBK
999 _c175419
_d175419